000 01022nam a2200313Ia 4500
003 OSt
005 20221006160217.0
006 a|||||r|||| 00| 0
007 ta
008 221006b |||||||| |||| 00| 0 eng d
020 _a9788971992272
_c
_35.00
024 _a44,624
037 _bGift, Window on Korea
_cTextual
040 _aEASL
_cEASL
_beng
041 _2eng
_aeng
082 _aQ4:45.495, P5
100 _aGyun Heo
_9672423
245 0 _aKorean temple motifs
_b Beautiful symbols of the Buddhist faith
260 _aGyeonggi-do
_bDolbegae Publishers Korea
_c2005
300 _a332p.
_ccm.
490 _v KEL
650 _a Buddha realm re-created on earth
_9672424
650 _a Hidden Buddhist truths in the world of forms
_9672425
650 _a KEL
650 _aDream of Sukhavati Gracing Buddha Halls
_9672426
700 _a Atkinson Timothy V. Tr.
942 _hQ4:45.495, P5
_cTEXL
_2CC
999 _c1112716
_d1112716